Los Procesos de urbanización / (Record no. 8500)

MARC details
000 -LEADER
campo de control de longitud fija 00764nam a2200241 i 4500
001 - NÚMERO DE CONTROL
campo de control 8500
003 - IDENTIFICADOR DE NÚMERO DE CONTROL
campo de control ES-MaACL
005 - FECHA Y HORA DE LA ÚLTIMA TRANSACCIÓN
campo de control 20250814071222.0
007 - CAMPO FIJO DE DESCRIPCIÓN FÍSICA--INFORMACIÓN GENERAL
campo de control de longitud fija t|
008 - DATOS DE LONGITUD FIJA--INFORMACIÓN GENERAL
campo de control de longitud fija 920709s1991 sp ||||1| spa d
020 ## - NÚMERO INTERNACIONAL ESTÁNDAR DEL LIBRO
Número Internacional Estándar del Libro 84-7738-110-0
080 ## - NÚMERO DE LA CLASIFICACIÓN DECIMAL UNIVERSAL
Número de la Clasificación Decimal Universal 915
100 1# - ENTRADA PRINCIPAL--NOMBRE DE PERSONA
Nombre de persona Vinuesa Angulo, Julio.
9 (RLIN) 115345
245 14 - MENCIÓN DEL TÍTULO
Título Los Procesos de urbanización /
Mención de responsabilidad, etc. Julio Vinuesa Angulo, María Jesús Vidal Domínguez.
260 ## - PUBLICACIÓN, DISTRIBUCIÓN, ETC.
Lugar de publicación, distribución, etc. Madrid :
Nombre del editor, distribuidor, etc. Síntesis,
Fecha de publicación, distribución, etc. D.L. 1991.
300 ## - DESCRIPCIÓN FÍSICA
Extensión 205 p. :
Otras características físicas il. ;
Dimensiones 22 cm.
490 1# - MENCIÓN DE SERIE
Mención de serie Espacios y sociedades ;
Designación de volumen o secuencia 13
650 17 - PUNTO DE ACCESO ADICIONAL DE MATERIA--TÉRMINO DE MATERIA
Término de materia o nombre geográfico como elemento de entrada Geografía urbana
Fuente del encabezamiento o término embne
9 (RLIN) 13085
700 1# - ENTRADA AGREGADA--NOMBRE PERSONAL
Nombre de persona Vidal Domínguez, María Jesús.
9 (RLIN) 114482
830 0# - PUNTO DE ACCESO ADICIONAL DE SERIE-TÍTULO UNIFORME
Título uniforme Espacios y sociedades ;
Designación de volumen o secuencia 13
9 (RLIN) 178169
852 ## - LOCALIZACIÓN
Ubicación ES-MaACL
Número de control de estantería L-15893
Sublocalización o colección R.120588
Holdings
Estatus retirado Estado de pérdida Estado de daño No para préstamo Biblioteca de origen Biblioteca actual Ubicación en estantería Fecha de adquisición Fuente de adquisición Total de préstamos Signatura topográfica completa Código de barras Visto por última vez Precio de reemplazo Tipo de ítem Koha
        Biblioteca del Ateneo de Madrid Biblioteca del Ateneo de Madrid Depósito 2 17/01/2008     L-15893 1008681 23/02/2023 23/02/2023 Libro impreso